|
|
|
|
| LEADER |
00763nab a2200229 i 4500 |
| 001 |
misc61070 |
| 005 |
20221006091630.0 |
| 008 |
220802s1933 hu o 0|| ger d |
| 040 |
|
|
|a SZTE Miscellanea Repozitórium
|b hun
|
| 041 |
|
|
|a ger
|
| 100 |
1 |
|
|a Menzel Theodor
|
| 245 |
1 |
0 |
|a Johann Georg Ernst Hoffmann
|h [elektronikus dokumentum] /
|c Menzel Theodor
|
| 260 |
|
|
|c 1933
|
| 300 |
|
|
|a 102-103
|c 30 cm
|
| 300 |
|
|
|a [2] p.
|c 30 cm
|
| 490 |
0 |
|
|a Forschungen und Fortschritte
|
| 561 |
|
|
|a Németh Gyula hagyaték
|
| 591 |
|
|
|a NOV 3651
|
| 650 |
|
4 |
|a Bölcsészettudományok
|
| 650 |
|
4 |
|a Nyelvek és irodalom
|
| 695 |
|
|
|a Johann Georg Hoffmann, Nyelvtudomány - német - 19-20. sz.
|
| 856 |
4 |
0 |
|u http://misc.bibl.u-szeged.hu/61070/1/3651_nov_m53_01.pdf
|z Dokumentum-elérés
|